| 000 | 00637nam a22001937a 4500 | ||
|---|---|---|---|
| 003 | OSt | ||
| 005 | 20220722135845.0 | ||
| 008 | 210204b ||||| |||| 00| 0 eng d | ||
| 020 | _a0333397622 | ||
| 040 | _cPHNS | ||
| 050 | _aRA395.D63 | ||
| 100 | _aAmonoo-Lartson, R. | ||
| 245 |
_aDistrict health care : _bchallenges for planning, organisation and evaluation in developing countries / _cAmonoo-Lartson, R. ... [et al]. |
||
| 260 |
_aLondon : _bELBS, _c1984. |
||
| 300 |
_ax, 208 p. : _bill. |
||
| 650 |
_vHealth care challenges _xHealth care _zDeveloping countries |
||
| 700 |
_aEbrahim, G. J. _aLovel, H. J. _aRanken, J. P. |
||
| 942 |
_2lcc _cBK |
||
| 999 |
_c4 _d4 |
||